000 00363nam a2200133Ia 4500
008 240112s1967 xx 000 0 und d
041 _aeng
082 _a543.705
100 _aAPPLETON H.D.
245 _aCLINICAL CHEMISTRY :JOURNAL OF THE AMERICAN ASS.OF THE CLINICAL CHEMISTS
260 _bPAUL B.HARPER
_c1967
300 _a1130,HB
_c(1-12)
440 _v14
999 _c1140792
_d1140792